LEADER 01197nam0-22003851i-450- 001 990001493050403321 005 20160215113216.0 010 $a0-13-336165-9 035 $a000149305 035 $aFED01000149305 035 $a(Aleph)000149305FED01 035 $a000149305 100 $a20020404d1989----km-y0itay50------ba 101 0 $aeng 102 $aUS 105 $aa---a---001yy 200 1 $aFundamentals of digital image processing$fAnil K.Jain 210 $aEnglewood Cliffs [N.J.]$cPrentice Hall$dc1989 215 $axxi, 569 p.$cill.$d24 cm 225 1 $aPrentice Hall Information and System Sciences Series$fThomas Kailath (ser. ed.) 610 0 $aVisione da parte dell'elaboartore 610 0 $aElaborazione delle immagini 610 0 $aImmagini digitali 610 0 $aElaborazione ottica dei dati$aTecniche digitali 676 $a006.37$v21 700 1$aJain,$bAnil K.$08853 801 0$aIT$bUNINA$gRICA$2UNIMARC 901 $aBK 912 $a990001493050403321 952 $aEDISU-006.37-(2$b20334$fSC1 952 $aEDISU-006.37-(1$b20333$fSC1 952 $aEDISU-006.37-(3$b20335$fSC1 952 $aEDISU-006.37-(4$b20336$fSC1 959 $aSC1 997 $aUNINA LEADER 00903nam0-2200301 --450 001 9910316359503321 005 20190418154829.0 010 $a978-88-575-4567-7 100 $a20190418d2017----kmuy0itay5050 ba 101 1 $aita$cspa 102 $aIT 105 $ay 001yy 200 1 $aPopulismo$fJosé Luis Villacañas Berlanga$gprefazione di Laura Bazzicalupo 210 $aMilano ; Udine$cMimesis$d2017 215 $a88 p.$d21 cm 225 1 $aMimesis. Filosofia politica$v8 300 $aTraduzione di Guido M. Cappelli e Daniela Signorino 610 0 $aPopulismo 676 $a320.5$v23$zita 700 1$aVillacañas,$bJosé Luis$f<1955- >$0466428 702 1$aBazzicalupo,$bLaura 801 0$aIT$bUNINA$gREICAT$2UNIMARC 901 $aBK 912 $a9910316359503321 952 $aCollez. 2496 (8)$b303/2019$fFSPBC 959 $aFSPBC 996 $aPopulismo$91550501 997 $aUNINA LEADER 01787nam0 22003973i 450 001 VAN00289195 005 20250314101957.778 017 70$2N$a9783319527154 100 $a20250314d2017 |0itac50 ba 101 $aeng 102 $aCH 105 $a|||| ||||| 181 $ai$b e 182 $ab 183 $acr 200 1 $aˆThe ‰Molecular Biology of Photorhabdus Bacteria$fRichard H. ffrench-Constant editor 210 $aCham$cSpringer$d2017 215 $aX, 213 p.$cill.$d24 cm 410 1$1001VAN00271113$12001 $aCurrent Topics in Microbiology and Immunology$1210 $aCham$cSpringer$d1949-$v402 620 $aCH$dCham$3VANL001889 676 $a616.079$cImmunologia$v22 676 $a615.1$cFarmacologia. Farmaci. Farmacia$v22 676 $a615.9$cTossicologia$v22 676 $a630$cAgricoltura e tecnologie connesse$v22 702 1$affrench-Constant$bRichard H.$3VANV244076 712 $aSpringer $3VANV108073$4650 790 1$affrench-Constant, R. H$zffrench-Constant, Richard H.$3VANV244077 790 1$affrench-Constant, R.H$zffrench-Constant, Richard H.$3VANV244078 801 $aIT$bSOL$c20250321$gRICA 856 4 $uhttps://link.springer.com/openurl?genre=book&isbn=978-3-319-52715-4$zE-book - Accesso al full-text attraverso riconoscimento IP di Ateneo, proxy e/o Shibboleth 899 $aBIBLIOTECA DEL DIPARTIMENTO DI SCIENZE E TECNOLOGIE AMBIENTALI BIOLOGICHE E FARMACEUTICHE$1IT-CE0101$2VAN17 912 $fN 912 $aVAN00289195 950 $aBIBLIOTECA DEL DIPARTIMENTO DI SCIENZE E TECNOLOGIE AMBIENTALI BIOLOGICHE E FARMACEUTICHE$d17CONS e-book 178 $e17BIB178/610 610 20250314 996 $aMolecular Biology of Photorhabdus Bacteria$94326776 997 $aUNICAMPANIA